Catálogo

Fundamentos de mercadotecnia / (Registro nro. 67013)

Detalles MARC
000 -LEADER
fixed length control field 00897nam a2200265 u 4500
001 - CONTROL NUMBER
control field 67013
005 - DATE AND TIME OF LATEST TRANSACTION
control field 20230825111120.0
008 - FIXED-LENGTH DATA ELEMENTS--GENERAL INFORMATION
fixed length control field 170327s2013 mx a r 000 0 spa d
020 ## - INTERNATIONAL STANDARD BOOK NUMBER
International Standard Book Number 9786074386639
040 ## - CATALOGING SOURCE
Description conventions rda
041 0# - LANGUAGE CODE
Language code of text/sound track or separate title spa
082 0# - DEWEY DECIMAL CLASSIFICATION NUMBER
Classification number 658.8
Item number SAN
100 1# - MAIN ENTRY--PERSONAL NAME
Personal name Santesmases Mestre, Miguel,
Relator term autor
9 (RLIN) 3273
245 10 - TITLE STATEMENT
Title Fundamentos de mercadotecnia /
Statement of responsibility, etc. Miguel Santesmases Mestre, Adriana Sánchez Guzmán, Francisco Valderrey Villar.
250 ## - EDITION STATEMENT
Edition statement Primera edición
264 #1 - PRODUCTION, PUBLICATION, DISTRIBUTION, MANUFACTURE, AND COPYRIGHT NOTICE
Place of production, publication, distribution, manufacture México :
Name of producer, publisher, distributor, manufacturer Grupo Editorial Patria,
Date of production, publication, distribution, manufacture, or copyright notice 2013
300 ## - PHYSICAL DESCRIPTION
Extent 417 páginas :
Other physical details ilustraciones ;
Dimensions 25 cm.
336 ## - CONTENT TYPE
Content type term texto
Source rdacontent
Content type code txt
337 ## - MEDIA TYPE
Media type term sin medio
Source rdamedia
Media type code n
338 ## - CARRIER TYPE
Carrier type term volumen
Source rdacarrier
Carrier type code nc
650 #4 - SUBJECT ADDED ENTRY--TOPICAL TERM
Topical term or geographic name entry element Mercadeo
700 1# - ADDED ENTRY--PERSONAL NAME
Personal name Sánchez Guzmán, Adriana,
Relator term autor
9 (RLIN) 3898
700 1# - ADDED ENTRY--PERSONAL NAME
Personal name Valderrey Villar, Francisco,
Relator term autor
9 (RLIN) 3897
942 ## - ADDED ENTRY ELEMENTS (KOHA)
Classification part 658.8
Item part SAN
Koha item type Libro
Existencias
Withdrawn status Lost status Source of classification or shelving scheme Damaged status Not for loan Collection code Home library Current library Shelving location Date acquired Source of acquisition Inventory number Total Checkouts Full call number Barcode Date last seen Date last checked out Price effective from Koha item type
    Dewey Decimal Classification     General Biblioteca Karol Wojtyla Biblioteca Karol Wojtyla Sala general 29/03/2017 Compra 151000000000000000026835 3 658.8 SAN 2013 97229 05/01/2026 05/03/2024 29/03/2017 Libro
    Dewey Decimal Classification     General Biblioteca Karol Wojtyla Biblioteca Karol Wojtyla Sala general 29/03/2017 Compra 151000000000000000026836 1 658.8 SAN 2013 97230 05/01/2026 25/01/2019 29/03/2017 Libro